Quizzes
Events
Quiz Creation
Community
Videos
Private Events
Remove Ads
Sign In
Join for FREE
Feedback
Dark Mode
Quiz Categories
Sports
Geography
Music
Movies
Television
Just For Fun
Miscellaneous
History
Literature
Language
Science
Gaming
Entertainment
Religion
Holiday
For Kids
Quiz Lab
Recent
Popular Today
Quiz Kudos Today
Editor Picks
Curator Picks
Quizzes by...
Day
Popularity
Type
Ratings
Length
Year
Community
Subscriptions
Recent Discussions
Orange Saloon
Badges
Playlists
Quests
Create
Leaderboards
Showdown
Live 5
Trivia Bingo
Activity
Puzzle Library
Sporcle Events
Private Events
Virtual Trivia
Globe League
Become a Host
Pub Owners
SporcleCon
Opinionation
Our Games
Videos
Blog
Mobile Apps
Partnerships
Remove Ads and Go Orange
Feedback
Literature
Harry Potter
A Song of Ice and Fire
The Hunger Games
Literary Character
Shakespeare
Book
Author
Novel
Poem
Young Adult
Children's Books
Play
Lord of the Rings
Literature
Harry Potter
A Song of Ice and Fire
The Hunger Games
Literary Character
Shakespeare
Book
Author
Novel
Poem
Young Adult
Children's Books
Play
Lord of the Rings
Random Quiz
Search Sporcle
×
Quiz Lab
Quiz Lab
Literature
Act
Type in answers that appear in a list
Type in answers that appear in a list
Classic
Best Score? Go Orange.
Volpone Quotations Act I Stats
Can you name the Volpone Quotations from Act I
By
gomersallgeorge
20m
42 Questions
6 Plays
6 Plays
6 Plays
Comments
Comments
Give Quiz Kudos
Give Quiz Kudos
-
- Ratings
hide this ad
More Info
Replay
Link that replays current quiz
Next Quiz
Link to next quiz in quiz playlist
You Got
0%
They Got
Avg Score
76%
Avg Friend Score
Upgrade to see
Score Distribution
Jump to the score distribution portion of the page
Score
0/42
Timer
20:00
0
Plays Today
Quotation (No. words)
Answer
% Correct
PROLOGUE 'mix...' (4)
profit with your pleasure
83.3%
'from no...' (4)
needful rule he swerveth
83.3%
SCENE 1 'Good morning...saint'(15)
to the day and next my gold, open the shrine that I may see my
83.3%
'Struck out of...' (8)
chaos when all darkness fled unto the centre
83.3%
'Who shall get thee...' (7)
he shall be noble, valiant, honest, wise
83.3%
'Riches are in fortune...' (8)
a greater good than wisdom is in nature
83.3%
'I glory more...' (12)
in the cunning purchase of my wealth than in the glad possession
83.3%
'This makes men...' (2)
observe me
83.3%
SCENE 2 'I know him...' (3)
by his knock
83.3%
'All of my birds...' (7)
of prey that think me turning carcass
83.3%
'Hood...doctor' (20)
an ass in reverend purple so you can hide his two ambitious ears and he shall pass as a cathedral
83.3%
'Of what...' (1)
bigness
83.3%
'Now my feigned cough...' (10)
my phthisic and my gout. My apoplexy, palsy and catarrhs
83.3%
SCENE 3 'Do you...sir?' (2)
observe that
83.3%
'I do beseech you sir...' (9)
you will vouchsafe to write me i' your family
83.3%
'_
_
_
..._
_
_
..._
_
_
' (3, 5, 3)
turn and return make knots and undo them give forked council
83.3%
'Swim in...' (8)
golden lard up to your arms in honey
83.3%
'Keep...' (3)
you still, sir
83.3%
'The vulture's gone...' (5)
and the old raven's come
83.3%
SCENE 4 'Stand there...' (2)
and multiply
83.3%
'...his grave' (4)
hopes to hop over
83.3%
Quotation (No. words)
Answer
% Correct
'They flay...' (6)
a man before they kill him
83.3%
'They kill...' (7)
with as much license as a judge
83.3%
'his eyelids _
_
_
...a freezing _
_
_
...his pulse _
_
_
...a cold _
_
_
' (1,1,4,1)
hang numbness beats slow and dull sweat
83.3%
'Oh, _
_
_
..._
_
_
...'Tis _
_
_
...good _
_
_
...Ha!' (1,1,1,2)
good good good symptoms still
83.3%
'Hail...thou...' (8)
the world's soul and mine son of sol
66.7%
'Thou being...' (15)
the best of things and far transcending all style of joy in children, parents, friends
66.7%
'Riches, the dumb god...' (16)
that giv'st all men tongues, that canst do naught and yet mak'st man do all things
66.7%
'Send me plate _
_
_
(which they expect each greedy minute) _
_
_
' (8,7)
coin, jewels, with hope that when I die it shall then return tenfold upon them
66.7%
'Letting the...and back again' (11)
cherry knock against their lips and draw it by their mouths
66.7%
'Sure I shall...again' (6)
outlast him: this makes me young
66.7%
'Tis aurum...' (4)
palpabile, if not potabile'
66.7%
'_
_
_
by _
_
_
' (1,1)
decreed destiny
66.7%
'that _
_
_
shall make it much more _
_
_
' (1,1)
colour taking
66.7%
'Oh, I shall...' (9)
burst; let out my sides, let out my sides
66.7%
'I know thee _
_
_
' (1)
honest
66.7%
'I do but...' (4)
as I am taught
66.7%
'What a rare...itself' (4)
punishment is avarice to
66.7%
SCENE 5 'Why, this is better than _
_
_
...Or fat, by eating _
_
_
' (3,4)
rob churches yet once a month man
66.7%
'_
_
_
_
_
_
_
_
_
' (1,1,1)
All turns air
66.7%
'blazing _
_
_
...bright _
_
_
...as lovely _
_
_
' (3,3,3)
star of Italy as your gold as your gold
66.7%
'I must _
_
_
...through _
_
_
...' (2,4)
see her but at her window
66.7%
Quiz Playlist
Details
Report
Send in Message
Add To Playlist
More Info:
"Venice is the marketplace of the world"
Classic:
Type in answers that appear in a list
Last Updated: Feb 16, 2017
Quiz Scoreboard
CHALLENGE
Sign Up to Join the Scoreboard
Show All
Scores
Hide
Comments
May contain spoilers
Recently Published
College Basketball Coaching Resumes
by pancakes188
Sports
9m
Billboard Blitz: Fleetwood Mac
by CooCooCachoo
Music
15s
Presidents Visiting Landmarks
by Hejman
History
7m
More to Explore
Quiz From the Vault
Featured Blog Post
Where Did the Easter Bunny Come From?
hide this ad
You Might Also Like...
Tags
Act
Quotation
Today's Top Quizzes in Literature
Browse Literature
hide this ad
Today's Top Quizzes in Act
Browse Act
Top Contributed Quizzes in Literature
1
Sneaky Slytherin Logic Puzzle
2
Get The Picture: Black or White Literature
3
5-to-1: Plays
4
A Court of Thorns and Roses (ACoTaR) Logic Puzzle
5
One Thing in Common: Literature
6
One Thing in Common: Literature II
7
One Thing in Common: Books
8
One Thing in Common: Literature 3
9
Harry Potter Neighbourly Logic Puzzle #5
10
Literary Siblings Odd One Out III
Explore More
Trending Topics
NBA
Kpop
Marvel
Anime
Harry Potter
Crossword
Disney
Country
Pokémon
The Office
NFL
Song
Soccer
Puzzle
WWE
hide this ad
More By:
gomersallgeorge
Quiz
Plays
Rating
Category
Featured
Created
Volpone Quotations Act I
6
Literature
May 26, 2016
Volpone Quotations Act II
2
Literature
Jun 5, 2016
Go to Creator's Profile
Score Distribution
Quiz Creator Spotlight
gomersallgeorge
Follow
Send a Message
Quizzes Created
-
Created Quiz Play Count
-
More By This Creator
Popular Quizzes Today
1
Find the US States - No Outlines Minefield
2
Find the Countries of Europe - No Outlines Minefield
3
The Countries of the World
4
Find the US States
5
Risky Map Clicking: Biggest States A-Z
6
US States
7
Popular People in 1961
8
Movies - When Are They Set?
More Literature Quizzes
Life or Death in Book Titles
Published
Trending Quizzes
Risky Map Clicking: Least Populous States A-Z
1-10 Letter G Words
1-10 Letter F Words
Risky Map Clicking: Next State Alphabetically
Risky Map Clicking: Biggest States A-Z
Recently Updated
Leaping Animals
pecheneg
Reality TV Shows (A-Z)
bhenderson79
Rickey Henderson's Hall of Fame Teammates
pecheneg
Champions League XIs: Arsenal
pecheneg
Quick Pick: Celebrities in WWE's Hall of Fame
aduchscher
A-Z Keypad Blitz II
pecheneg
Multiple Oscar Actors
pecheneg
Mystery Phrase Blitz: Oscar 'Best Actors'
pecheneg
F. Scott Fitzgerald Novels
LTH
Pick 3 Villains
ddd62291
Trending Topics
Marvel
Disney
Crossword
Harry Potter
Anime
Kpop
NBA
The Office
NFL
Country
Puzzle
Pokémon
WWE
Song
Soccer
Your Account Isn't Verified!
In order to create a playlist on Sporcle, you need to verify the email address you used during registration. Go to your
Sporcle Settings
to finish the process.
Report this User
Report this user for behavior that violates our
Community Guidelines
.
Details:
Send Report
Go to the Sporcle.com Mobile Site →
Comments